Bienvenue à la Médiathèque de Saint-Andiol
banniere
Accueil Recherche avancée Mon compte
handi1 Rechercher dans le catalogue

Filtre   Mots-clés
  Recherche avancée
 
Lister les dernières nouveautés
 
Lister les livres GROS CARACTERES
 
Lister les périodiques (magazines)

handi1 Héritages

Book Cover
Auteur principal : Shannon Messenger
Autres auteurs : Mathilde Tamae-Bouhon Laureline Chaplain
Titre : Héritages
Support : Livres
Langue : Francais
Publié : 2023 Pocket jeunesse Paris
Series : Gardiens des cités perdues
Genre : Science fiction
Collection : Les gardiens des cités perdues
Sujets :
Étiquettes :
Pas de tags
LEADER 01396nam0a2200253 450
001 16865451
010 |a 978-2-266-33198-2  |b br.  |d 9,5 € 
100 |a 20250708d2023 u u0frey01 ba 
101 0 |a fre 
102 |a FR 
200 0 |a Héritages 
207 1 |a   
210 |a Paris  |c Pocket jeunesse  |d 2023 
215 |a 1 vol. (861 p.)  |c Couv. ill. en coul.  |d 18 cm 
225 1 |a Les gardiens des cités perdues  |v 8 
327 |a Best seller 
330 |a Le huitième tome de la série à succès de Lumen, maintenant en poche label Best-seller ! Sophie n'en peut plus de vivre dans le mensonge et l'illusion : cette fois, il lui faut des réponses. Mais la vérité n'est pas toujours bonne à entendre, surtout quand elle apporte son lot de nouvelles responsabilités... Et que la jeune fille n'est pas la seule concernée. Car le passé trouble de certains de ses amis n'a rien d'un hasard. Beaucoup sont porteurs d'un destin qui les dépasse, qui se joue d'eux et de leurs principes. Commence alors un jeu de pistes dangereux, où la fidélité de chacun se voit remise en cause. 
461 0 |t Gardiens des cités perdues  |v 8 
700 0 |a Messenger  |b Shannon  |4 570 
701 0 |a Tamae-Bouhon  |b Mathilde  |4 570 
701 0 |a Chaplain  |b Laureline  |4 570 
900 |a Science fiction 
901 |a Adultes 
995 |a Médiathèque  |c Médiathèque  |f 089021194  |h 089021194  |k J MES 8 SF  |o p  |q a  |r az  |e Médiathèque